[Event "8th Sunway Sitges 2021"]
[Site "Sitges ESP"]
[Date "2021.12.20"]
[Round "7.9"]
[White "Fier, Alexandr"]
[Black "Taher, Yoseph Theolifus"]
[Result "1-0"]
[WhiteTitle "GM"]
[BlackTitle "IM"]
[WhiteElo "2572"]
[BlackElo "2455"]
[WhiteFideId "2107139"]
[BlackFideId "7105347"]
[EventDate "2021.12.13"]

1. e4 e6 2. d4 d5 3. Nd2 c5 4. exd5 exd5 5. Bb5+ Bd7 6. Qe2+ Qe7 7. Bxd7+ Nxd7
8. dxc5 Qxe2+ 9. Nxe2 Bxc5 10. Nb3 Bb6 11. Bg5 f6 12. Bf4 Ne7 13. Nbd4 Ne5 14.
O-O-O Kf7 15. Rhe1 Rad8 16. Nc3 N5c6 17. Nxc6 bxc6 18. f3 Ng6 19. Bg3 Ba5 20.
Rd4 Bb6 21. Ra4 h5 22. Re2 h4 23. Bf2 d4 24. Ne4 Nf4 25. Rd2 Ne6 26. Rd1 c5 27.
c3 g5 28. cxd4 cxd4 29. Nd2 Nc5 30. Ra3 Rhe8 31. Nc4 Ne6 32. Kb1 Kg6 33. g3 hxg3
34. hxg3 Rh8 35. Rad3 Rh2 36. R3d2 Bc5 37. a3 g4 38. b4 Rb8 39. fxg4 Bxb4 40.
axb4 Rxb4+ 41. Nb2 Nc5 42. Be1 Rxd2 43. Bxd2 Rb3 44. Bf4 Ne4 45. Rd3 Rb4 46. Rf3
a5 47. Kc2 a4 48. Ra3 Nc5 49. Bd6 Rb5 50. Nd3 Ne4 51. Bf4 Ra5 52. Nb2 Nc5 53.
Nc4 Ra8 54. Nd2 Kf7 55. Bd6 Nb7 56. Bb4 Nd8 57. Ne4 Nc6 58. Bd6 Ke6 59. Bf4 Ne5
60. Bxe5 Kxe5 61. Kd3 Rg8 62. Rxa4 Rxg4 63. Ra5+ Ke6 64. Kxd4 1-0

[Event "8th Sunway Sitges 2021"]
[Site "Sitges ESP"]
[Date "2021.12.20"]
[Round "7.10"]
[White "Pranesh, M"]
[Black "Kadric, Denis"]
[Result "1/2-1/2"]
[WhiteTitle "IM"]
[BlackTitle "GM"]
[WhiteElo "2437"]
[BlackElo "2572"]
[WhiteFideId "35028600"]
[BlackFideId "14403803"]
[EventDate "2021.12.13"]

1. e4 c5 2. Nf3 Nc6 3. d4 cxd4 4. Nxd4 e5 5. Nb5 d6 6. N1c3 a6 7. Na3 Be6 8. Nc4
Rb8 9. Ne3 Nf6 10. Ned5 Be7 11. Bd3 O-O 12. O-O Nd7 13. Nxe7+ Nxe7 14. Be3 Qc7
15. Qe1 Nc5 16. Be2 Qc6 17. f3 b5 18. Qh4 Rfe8 19. Rfc1 f5 20. Rd1 f4 21. Bxc5
Qxc5+ 22. Qf2 Qc7 23. a3 Red8 24. Rd2 Rb6 25. Rad1 Rc6 26. Bf1 Kh8 27. Kh1 Bg8
28. Qh4 Rb8 29. Bd3 b4 30. axb4 Rxb4 31. Nd5 Nxd5 32. exd5 Rc5 33. b3 a5 34. Be4
Rc3 35. h3 Re3 36. Kh2 h6 37. Qh5 Rc3 38. Qg6 Rb8 39. Ra1 Rf8 40. Rdd1 Qd8 41.
Bd3 Rf6 42. Qe4 Rf7 43. Rdb1 Rb7 44. b4 axb4 45. Rxb4 Rxb4 46. Qxb4 Rc5 1/2-1/2

[Event "8th Sunway Sitges 2021"]
[Site "Sitges ESP"]
[Date "2021.12.20"]
[Round "7.11"]
[White "Livaic, Leon"]
[Black "Neelotpal, Das"]
[Result "1/2-1/2"]
[WhiteTitle "IM"]
[BlackTitle "GM"]
[WhiteElo "2547"]
[BlackElo "2410"]
[WhiteFideId "14531534"]
[BlackFideId "5003512"]
[EventDate "2021.12.13"]

1. d4 d5 2. c4 c6 3. cxd5 cxd5 4. Bf4 Nc6 5. e3 Nf6 6. Nc3 a6 7. Be2 e6 8. Rc1
Be7 9. Bd3 Bd7 10. h3 Qb6 11. Nge2 Qxb2 12. Rb1 Qa3 13. Rb3 Qa5 14. Rxb7 Nb4 15.
Bc7 Qa3 16. Bb1 Bc8 17. Rb8 Rxb8 18. Bxb8 Nc6 19. Bg3 Bb4 20. Qb3 Qxb3 21. axb3
Na5 22. Bc2 Ne4 23. Bxe4 dxe4 24. O-O Bb7 25. Ra1 Ke7 26. Ra4 Bxc3 27. Nxc3 Rc8
28. Nxe4 Nxb3 29. Bd6+ Kd7 30. Nc5+ Nxc5 31. Bxc5 Ra8 32. Ra5 Bc6 33. f3 Bb5 34.
Kf2 Rc8 35. Ra3 e5 36. g4 exd4 37. Bxd4 Rc2+ 38. Kg3 f6 39. h4 Ke6 40. Ra1 g6
41. Kf4 1/2-1/2

[Event "8th Sunway Sitges 2021"]
[Site "Sitges ESP"]
[Date "2021.12.20"]
[Round "7.12"]
[White "Suleymanli, Aydin"]
[Black "Dionisi, Thomas"]
[Result "0-1"]
[WhiteTitle "GM"]
[BlackTitle "IM"]
[WhiteElo "2537"]
[BlackElo "2396"]
[WhiteFideId "13413937"]
[BlackFideId "651893"]
[EventDate "2021.12.13"]

1. d4 Nf6 2. c4 e6 3. Nf3 b6 4. a3 Bb7 5. Nc3 d5 6. cxd5 Nxd5 7. Qc2 Be7 8. e4
Nxc3 9. bxc3 O-O 10. Bd3 c5 11. O-O Qc8 12. Qe2 Ba6 13. Bf4 Bxd3 14. Qxd3 Qa6
15. Qe3 cxd4 16. cxd4 Nd7 17. e5 b5 18. Bg5 Bd8 19. Rfc1 Nb6 20. Qd3 h6 21. Bd2
Be7 22. Rcb1 Rab8 23. Bb4 Bxb4 24. axb4 Qb7 25. Qxb5 Nd5 26. Qa5 Nf4 27. Ra3
Rfc8 28. h4 Qe4 29. Rf1 Rc2 30. Re3 Qg6 31. Ne1 Rb2 32. Qxa7 R2xb4 33. g3 Rb1
34. Rf3 Ne2+ 35. Kh2 Rd8 36. Qa6 Nxd4 37. Rf4 Nf5 38. Ng2 Rb2 39. Qa4 h5 40. Rd1
Rc8 41. Qa6 Rcb8 42. Qd3 Kh7 43. Kg1 R8b5 44. Qe4 Ra5 45. Ne3 Rbb5 46. Nxf5 Rxe5
47. Qb1 Rxf5 48. Rxf5 Rxf5 49. Rd4 Rd5 50. Qxg6+ Kxg6 51. Ra4 Rd7 52. Ra5 f6 53.
Kg2 e5 54. Kf3 Kf5 55. Ra4 g6 56. Kg2 Rd4 57. Ra6 Rd5 58. Ra4 Rd2 59. Ra5 Rd6
60. Ra4 Rd5 61. Ra6 e4 62. Rb6 Ke5 63. Rb8 Rd6 64. Re8+ Kd4 65. Rg8 f5 66. Ra8
Kd3 67. Ra3+ Ke2 68. Ra2+ Rd2 69. Ra3 Ke1 70. Ra1+ Ke2 71. Ra3 Rb2 72. Re3+ Kd2
73. Ra3 Ke1 74. Ra1+ Ke2 75. Ra3 Rc2 76. Re3+ Kd2 77. Ra3 Rc3 78. Ra2+ Kd3 79.
Ra6 Rc2 80. Ra3+ Kd2 81. Rb3 Ra2 82. Kf1 Ra1+ 83. Kg2 Ra6 84. Rb2+ Kc3 85. Rb8
Rd6 86. Ra8 Kd3 87. Ra3+ Kd4 88. Ra5 Re6 89. Ra4+ Ke5 90. Ra5+ Kf6 91. Ra3 Rd6
92. Ra8 Re6 93. Ra3 g5 94. hxg5+ Kxg5 95. Ra8 Rg6 96. f3 e3 97. f4+ Kg4 98. Rh8
e2 99. Kf2 Re6 100. Ke1 Kf3 0-1

[Event "8th Sunway Sitges 2021"]
[Site "Sitges ESP"]
[Date "2021.12.20"]
[Round "7.13"]
[White "Garcia Ramos, Daniel"]
[Black "Dardha, Daniel"]
[Result "0-1"]
[WhiteTitle "FM"]
[BlackTitle "GM"]
[WhiteElo "2428"]
[BlackElo "2533"]
[WhiteFideId "32010311"]
[BlackFideId "240990"]
[EventDate "2021.12.13"]

1. c4 b6 2. Nf3 Bb7 3. g3 Nf6 4. Bg2 g6 5. O-O Bg7 6. d4 O-O 7. d5 e6 8. Nc3
exd5 9. cxd5 Re8 10. Nd4 Na6 11. Bf4 Nc5 12. b4 Nce4 13. Nxe4 Nxe4 14. Rc1 c6
15. f3 Qf6 16. e3 Nd6 17. dxc6 dxc6 18. Nxc6 Nc4 19. Rxc4 Bxc6 20. Rf2 Bb5 21.
Rd4 g5 22. Rd6 Qe7 23. Bxg5 Qxg5 24. f4 Qe7 25. Bxa8 Rxa8 26. Qd5 Rc8 27. e4 Bc4
28. Rc2 Bf8 29. Rxc4 Rxc4 30. Rd7 Rc1+ 31. Kg2 Qf6 32. a3 Rc2+ 33. Kh3 Qh6+ 34.
Kg4 Qg6+ 35. Qg5 h5+ 36. Kh3 Qxg5 37. fxg5 a5 38. bxa5 bxa5 39. Ra7 Bc5 40. Ra8+
Kg7 41. Rc8 Rc1 42. Ra8 Rc2 43. Rc8 a4 44. Rc6 Rc3 45. Kh4 Bd4 46. Ra6 Rxa3 47.
Kxh5 Ra2 48. h4 a3 49. g6 fxg6+ 50. Rxg6+ Kf7 51. Ra6 Bc5 52. g4 Rh2 53. g5 a2 0-1

[Event "8th Sunway Sitges 2021"]
[Site "Sitges ESP"]
[Date "2021.12.20"]
[Round "7.14"]
[White "Van Foreest, Lucas"]
[Black "Aulia, Medina Warda"]
[Result "1-0"]
[WhiteTitle "GM"]
[BlackTitle "IM"]
[WhiteElo "2530"]
[BlackElo "2367"]
[WhiteFideId "1039792"]
[BlackFideId "7101570"]
[EventDate "2021.12.13"]

1. e4 e6 2. d4 d5 3. Nd2 Nf6 4. e5 Nfd7 5. Ngf3 c5 6. c3 b6 7. h4 Ba6 8. h5 h6
9. Bxa6 Nxa6 10. Nf1 Qc7 11. Bf4 Qb7 12. Ne3 b5 13. O-O Be7 14. dxc5 Naxc5 15.
Nd4 Qb6 16. Qg4 Rg8 17. Rfd1 g5 18. Bh2 O-O-O 19. b3 f5 20. Nexf5 exf5 21. Nxf5
Rde8 22. Rxd5 Qe6 23. Rad1 Rgf8 24. Nxe7+ Rxe7 25. Qb4 Na6 26. Qd4 Nb6 27. Rd6
Qf5 28. Rf6 1-0

[Event "8th Sunway Sitges 2021"]
[Site "Sitges ESP"]
[Date "2021.12.20"]
[Round "7.15"]
[White "Muradli, Mahammad"]
[Black "Setyaki, Azarya Jodi"]
[Result "1-0"]
[WhiteTitle "IM"]
[BlackTitle "IM"]
[WhiteElo "2503"]
[BlackElo "2389"]
[WhiteFideId "13409301"]
[BlackFideId "7101589"]
[EventDate "2021.12.13"]

1. c4 Nf6 2. Nc3 g6 3. e4 c5 4. Nf3 d6 5. d4 cxd4 6. Nxd4 Nc6 7. Be2 Bg7 8. Be3
O-O 9. h3 Bd7 10. O-O Nxd4 11. Bxd4 Bc6 12. Qd3 a5 13. b3 Nd7 14. Bxg7 Kxg7 15.
Rfd1 Qb6 16. Nd5 Bxd5 17. exd5 Kg8 18. Rab1 Qb4 19. Qe3 Nc5 20. Bf3 Rfe8 21. Qc1
a4 22. a3 Qb6 23. b4 Nb3 24. Qf4 Qa7 25. Bg4 b5 26. cxb5 Qc7 27. b6 Qxb6 28. Bd7
Red8 29. Bxa4 Nd2 30. Rxd2 Rxa4 31. Rd3 Rc8 32. Rf3 f6 33. Re1 Ra7 34. Rfe3 Rcc7
35. h4 Qb7 36. Qe4 Ra8 37. h5 1-0

[Event "8th Sunway Sitges 2021"]
[Site "Sitges ESP"]
[Date "2021.12.20"]
[Round "7.16"]
[White "Papadiamandis, Elliot"]
[Black "Harsha, Bharathakoti"]
[Result "0-1"]
[WhiteTitle "FM"]
[BlackTitle "GM"]
[WhiteElo "2396"]
[BlackElo "2489"]
[WhiteFideId "36074160"]
[BlackFideId "5078776"]
[EventDate "2021.12.13"]

1. e4 c5 2. Nf3 d6 3. d4 cxd4 4. Nxd4 Nf6 5. Nc3 a6 6. Bg5 e6 7. f4 b5 8. a3 Be7
9. Qe2 Bb7 10. Bxf6 Bxf6 11. O-O-O Qb6 12. e5 dxe5 13. fxe5 Be7 14. Qg4 O-O 15.
Be2 Nc6 16. Nxc6 Bxc6 17. Rd3 Qc5 18. Qg3 b4 19. axb4 Qxb4 20. Bf3 Bxf3 21. Rxf3
Rab8 22. Nd1 Bh4 23. Qh3 Rb5 24. Kb1 Rxe5 25. Rb3 Qe7 26. Ne3 Bg5 27. Rd1 Rb5
28. Nc4 Bf6 29. Na3 Rxb3 30. Qxb3 Qc7 31. Qg3 Qb7 32. Nc4 Rc8 33. Ne5 Qc7 0-1

[Event "8th Sunway Sitges 2021"]
[Site "Sitges ESP"]
[Date "2021.12.20"]
[Round "7.17"]
[White "Vasquez Schroeder, Rodrigo"]
[Black "Ervan, Mohamad"]
[Result "1-0"]
[WhiteTitle "GM"]
[BlackTitle "IM"]
[WhiteElo "2484"]
[BlackElo "2356"]
[WhiteFideId "3400042"]
[BlackFideId "7102135"]
[EventDate "2021.12.13"]

1. d4 Nf6 2. c4 e6 3. Nf3 d5 4. Nc3 c6 5. Bg5 Nbd7 6. e3 Qa5 7. cxd5 Nxd5 8. Qd2
h6 9. Bh4 Nxc3 10. bxc3 Ba3 11. Qc2 b6 12. Nd2 Ba6 13. Nc4 Bxc4 14. Bxc4 Be7 15.
Bg3 Nf6 16. O-O Nd5 17. e4 Qxc3 18. Qe2 Nb4 19. Rac1 Qa3 20. d5 cxd5 21. exd5
Nxd5 22. Bxd5 exd5 23. Rc7 Kf8 24. Re1 Re8 25. Qxe7+ Qxe7 26. Rexe7 Rxe7 27. Bd6
Kg8 28. Rxe7 Kh7 29. Rxa7 Rc8 30. g3 Kg6 31. Rb7 f6 32. Rxb6 d4 33. Rb5 Rc2 34.
a3 d3 35. Rd5 Rc3 36. Kg2 Kf7 37. Bb4 Rb3 38. Kf3 Ke6 39. Rd6+ Ke5 40. Ke3 1-0

[Event "8th Sunway Sitges 2021"]
[Site "Sitges ESP"]
[Date "2021.12.20"]
[Round "7.18"]
[White "Gomes, Mary Ann"]
[Black "Dann, Matthias"]
[Result "0-1"]
[WhiteTitle "WGM"]
[BlackTitle "IM"]
[WhiteElo "2354"]
[BlackElo "2482"]
[WhiteFideId "5013623"]
[BlackFideId "24638056"]
[EventDate "2021.12.13"]

1. Nf3 Nf6 2. c4 g6 3. b3 Bg7 4. Bb2 O-O 5. g3 d6 6. d4 Nbd7 7. Bg2 e5 8. dxe5
dxe5 9. O-O e4 10. Ne1 Re8 11. Nc2 c6 12. b4 Qe7 13. a3 Nb6 14. Ne3 Ng4 15. Bxg7
Nxe3 16. fxe3 Kxg7 17. Nc3 Nxc4 18. Qd4+ Ne5 19. Nxe4 Rd8 20. Qc3 Bf5 21. Nc5 f6
22. h3 b6 23. Nb3 Be6 24. Nd4 Rac8 25. Rad1 Bd7 26. Nf3 Be8 27. Rxd8 Rxd8 28.
Nd2 Rd6 29. g4 h6 30. Ne4 Re6 31. Rf4 g5 32. Ng3 Bg6 33. Rd4 c5 34. bxc5 Qxc5
35. Qb3 Rd6 36. Qd1 Nc4 37. Qa4 b5 38. Qb3 Rxd4 39. exd4 Qxa3 40. Qxa3 Nxa3 41.
Be4 b4 42. d5 Nc4 43. Bxg6 Kxg6 44. Ne4 b3 45. Nc3 b2 46. Nb1 a5 0-1

[Event "8th Sunway Sitges 2021"]
[Site "Sitges ESP"]
[Date "2021.12.20"]
[Round "7.19"]
[White "Karthikeyan, Murali"]
[Black "Sharan, Rao"]
[Result "1-0"]
[WhiteTitle "GM"]
[WhiteElo "2630"]
[BlackElo "2179"]
[WhiteFideId "5074452"]
[BlackFideId "5073464"]
[EventDate "2021.12.13"]

1. e4 e6 2. d4 d5 3. Nc3 Nf6 4. Bg5 Be7 5. e5 Nfd7 6. h4 h6 7. Bxe7 Qxe7 8. f4
a6 9. Nf3 c5 10. Qd2 Nc6 11. Ne2 b5 12. a3 Nb6 13. dxc5 Qxc5 14. b3 Bd7 15. Ned4
Nxd4 16. Nxd4 Rc8 17. Qb4 h5 18. Qxc5 Rxc5 19. Kd2 Ke7 20. Rh3 g6 21. Be2 Rhc8
22. Rg1 Rh8 23. Rf1 Rcc8 24. Rff3 Kd8 25. Rc3 Rc7 26. g4 hxg4 27. Bxg4 Nc8 28.
Rcg3 Ne7 29. h5 gxh5 30. Bxh5 Nc6 31. Nf3 Be8 32. Ng5 Nd4 33. Kd3 Rxh5 34. Rxh5
Nxc2 35. Rh8 b4 36. Nxf7+ Ke7 37. Rg7 Bxf7 38. Rxf7+ Kxf7 39. Rh7+ Kg6 40. Rxc7
Nxa3 41. Re7 Kf5 42. Rf7+ Kg4 43. f5 exf5 44. e6 Nb5 45. Rd7 1-0

[Event "8th Sunway Sitges 2021"]
[Site "Sitges ESP"]
[Date "2021.12.20"]
[Round "7.20"]
[White "Tabatabaei, M. Amin"]
[Black "Vaishali, R"]
[Result "1-0"]
[WhiteTitle "GM"]
[BlackTitle "IM"]
[WhiteElo "2643"]
[BlackElo "2401"]
[WhiteFideId "12521213"]
[BlackFideId "5091756"]
[EventDate "2021.12.13"]

1. e4 c5 2. Nf3 Nc6 3. Bb5 e6 4. O-O Nge7 5. Re1 Nd4 6. Nxd4 cxd4 7. c3 a6 8.
Bf1 Nc6 9. Na3 Bc5 10. b4 Ba7 11. Bb2 b5 12. Nc2 dxc3 13. dxc3 O-O 14. c4 bxc4
15. Bxc4 d6 16. Qe2 Ne5 17. Bb3 Qh4 18. Bd4 Bxd4 19. Nxd4 Bb7 20. Rad1 a5 21. a3
axb4 22. axb4 Ng4 23. Nf3 Qe7 24. b5 Rfc8 25. Qd2 Rc5 26. Qb4 Rac8 27. b6 Kf8
28. Ra1 Qd7 29. Ra7 Rb5 30. Qa4 Rcc5 31. Nd4 1-0

[Event "8th Sunway Sitges 2021"]
[Site "Sitges ESP"]
[Date "2021.12.20"]
[Round "7.21"]
[White "Ali, Muhammad Lutfi"]
[Black "Megaranto, Susanto"]
[Result "1/2-1/2"]
[WhiteTitle "IM"]
[BlackTitle "GM"]
[WhiteElo "2399"]
[BlackElo "2548"]
[WhiteFideId "7103743"]
[BlackFideId "7101384"]
[EventDate "2021.12.13"]

1. e4 e5 2. Nf3 Nf6 3. Nxe5 d6 4. Nf3 Nxe4 5. d4 d5 6. Bd3 Nc6 7. O-O Be7 8. Re1
Bf5 9. Nbd2 Nxd2 10. Qxd2 Bxd3 11. Qxd3 O-O 12. Bf4 a6 13. Ne5 Nxe5 14. Bxe5 f6
15. Bg3 Qd7 16. Re2 Rfe8 17. Rae1 Bf8 18. h4 c6 19. c3 Rxe2 20. Qxe2 g6 21. Qe6+
Qxe6 22. Rxe6 Kf7 23. Re2 Re8 24. Kf1 Rxe2 25. Kxe2 Ke6 26. a4 h5 27. f3 b5 28.
axb5 axb5 29. b4 Bh6 30. Bf2 f5 31. Be3 1/2-1/2

[Event "8th Sunway Sitges 2021"]
[Site "Sitges ESP"]
[Date "2021.12.20"]
[Round "7.22"]
[White "Domingo Nunez, Ruben"]
[Black "Kelires, Andreas"]
[Result "0-1"]
[WhiteTitle "FM"]
[BlackTitle "GM"]
[WhiteElo "2395"]
[BlackElo "2543"]
[WhiteFideId "22245570"]
[BlackFideId "5900727"]
[EventDate "2021.12.13"]

1. e4 c5 2. Nf3 d6 3. d4 cxd4 4. Nxd4 Nf6 5. Nc3 a6 6. Rg1 e5 7. Nb3 h5 8. h3 h4
9. Bg5 Be7 10. Qd2 Be6 11. O-O-O Nbd7 12. Kb1 Rc8 13. Bd3 b5 14. f4 Nb6 15. Qe1
Qc7 16. Ne2 Nc4 17. Bxh4 a5 18. f5 Bd7 19. Bxf6 Bxf6 20. Nc3 Qa7 21. Bxc4 bxc4
22. Nd2 Qc5 23. Nf3 Rb8 24. Ka1 Bc6 25. Qd2 Qb4 26. Rb1 Qb7 27. Qe2 Qb4 28. Rgd1
Be7 29. h4 a4 30. a3 Qc5 31. g4 Bd8 32. Qd2 Bc7 33. g5 g6 34. Nd5 Ba5 35. c3 Rb3
36. Nf6+ Ke7 37. fxg6 Rxa3+ 38. bxa3 Qxa3+ 39. Qa2 Bxc3+ 40. Rb2 Bxb2+ 41. Kb1
Qxf3 42. Rd2 Rb8 43. Qxc4 Qh1+ 0-1

[Event "8th Sunway Sitges 2021"]
[Site "Sitges ESP"]
[Date "2021.12.20"]
[Round "7.23"]
[White "Maze, Sebastien"]
[Black "Padmini, Rout"]
[Result "1-0"]
[WhiteTitle "GM"]
[BlackTitle "IM"]
[WhiteElo "2541"]
[BlackElo "2345"]
[WhiteFideId "613762"]
[BlackFideId "5029295"]
[EventDate "2021.12.13"]

1. e4 e5 2. Nf3 Nc6 3. Bc4 Nf6 4. d3 Be7 5. O-O O-O 6. Nc3 d6 7. a3 Nd7 8. h3
Nb6 9. Ba2 Kh8 10. Re1 f5 11. b4 Bf6 12. b5 Nd4 13. Nxd4 exd4 14. Nd5 fxe4 15.
Rxe4 Nxd5 16. Bxd5 a6 17. bxa6 Rxa6 18. Qe1 c6 19. Be6 Bxe6 20. Rxe6 Be5 21. Qe4
Qd7 22. Qg4 Qf7 23. f4 h5 24. Qg6 Qxg6 25. Rxg6 Bf6 26. g4 Ra5 27. Bd2 Rc5 28.
Rc1 Ra8 29. f5 Kh7 30. Bf4 Rd5 31. Ra1 b5 32. Kf2 hxg4 33. hxg4 Kg8 34. Kf3 Kf7
35. Rg1 Rxa3 36. g5 Be7 37. Kg4 Ra2 38. Re6 Bf8 39. g6+ Kg8 40. Re8 Rxc2 41. f6
gxf6 42. Bh6 Rg5+ 43. Bxg5 fxg5 44. Rf1 1-0

[Event "8th Sunway Sitges 2021"]
[Site "Sitges ESP"]
[Date "2021.12.20"]
[Round "7.24"]
[White "Salimova, Nurgyul"]
[Black "Arjun, Kalyan"]
[Result "1-0"]
[WhiteTitle "IM"]
[BlackTitle "GM"]
[WhiteElo "2353"]
[BlackElo "2537"]
[WhiteFideId "2915138"]
[BlackFideId "35018701"]
[EventDate "2021.12.13"]

1. d4 d5 2. c4 e6 3. Nf3 a6 4. cxd5 exd5 5. Nc3 c6 6. Bf4 Bd6 7. Bg3 Ne7 8. e3
Bf5 9. Bd3 O-O 10. Qc2 Bxd3 11. Qxd3 Re8 12. O-O-O Ng6 13. Kb1 a5 14. Bxd6 Qxd6
15. h4 Nd7 16. h5 Ngf8 17. Nh4 g6 18. hxg6 fxg6 19. e4 dxe4 20. Nxe4 Qd5 21. f3
a4 22. g4 a3 23. b3 Ne6 24. Ng2 Rf8 25. Qe3 Nf6 26. Qh6 Qd7 27. Ne3 Nd5 28. Nc4
Qg7 29. Qxg7+ Kxg7 30. Rh3 Rad8 31. Rdh1 Rh8 32. Nxa3 Ndf4 33. R3h2 Nxd4 34. Nc4
h5 35. gxh5 Rxh5 36. Rxh5 gxh5 37. Rg1+ Kh6 38. Ne5 Rf8 39. Nd6 Nfe6 40. Rg6+
Kh7 41. Ne4 h4 42. Nf6+ Rxf6 43. Rxf6 h3 44. Ng4 Kg7 45. Rh6 Nf4 46. Rd6 Nxf3
47. a4 Nd5 48. Rd7+ Kg6 49. Rxb7 Kf5 50. Nf2 h2 51. Rf7+ Nf6 52. a5 Nd2+ 53. Kc2
Ne4 54. Nh1 Nc5 55. b4 Na6 56. Kb3 Ke6 57. Ra7 Nb8 58. a6 1-0

[Event "8th Sunway Sitges 2021"]
[Site "Sitges ESP"]
[Date "2021.12.20"]
[Round "7.25"]
[White "Grebeniuk, Semen"]
[Black "Kulaots, Kaido"]
[Result "0-1"]
[BlackTitle "GM"]
[WhiteElo "2346"]
[BlackElo "2519"]
[WhiteFideId "14117509"]
[BlackFideId "4500261"]
[EventDate "2021.12.13"]

1. d4 Nf6 2. Nf3 g6 3. Bg5 Bg7 4. c3 O-O 5. Nbd2 d6 6. e4 c5 7. dxc5 dxc5 8. Bc4
Nc6 9. Qe2 Qc7 10. O-O h6 11. Bxf6 exf6 12. Nh4 Ne7 13. f4 Bd7 14. f5 Kh7 15. e5
Nxf5 16. Nxf5 Bxf5 17. g4 Bxg4 18. Qxg4 fxe5 19. Nf3 f5 20. Qg3 Rac8 21. Rad1 e4
22. Nh4 Rf6 23. Ng2 Qc6 24. Ne3 b5 25. Bd5 Qb6 26. Kh1 Rcf8 27. Qe5 c4 28. Nc2
Kh8 29. Qe7 Rd6 30. Bf7 Rfd8 31. Rxd6 Qxd6 32. Qxd6 Rxd6 33. Bxg6 Rxg6 34. Rxf5
Rd6 35. Rxb5 Rd1+ 36. Kg2 Rd2+ 0-1

[Event "8th Sunway Sitges 2021"]
[Site "Sitges ESP"]
[Date "2021.12.20"]
[Round "7.26"]
[White "Sankalp, Gupta"]
[Black "Galiana Fernandez, Adrian"]
[Result "1-0"]
[WhiteTitle "IM"]
[BlackTitle "FM"]
[WhiteElo "2504"]
[BlackElo "2333"]
[WhiteFideId "5097010"]
[BlackFideId "32010150"]
[EventDate "2021.12.13"]

1. d4 Nf6 2. Nf3 g6 3. Nc3 d5 4. Bf4 Bg7 5. Nb5 Na6 6. e3 O-O 7. h3 Ne4 8. Nd2
Bf5 9. Nxe4 dxe4 10. Nc3 c5 11. Be5 Bxe5 12. dxe5 Qa5 13. Bxa6 Qxa6 14. Qe2
Qxe2+ 15. Kxe2 Rfd8 16. Rhd1 h5 17. a4 a5 18. Nd5 Be6 19. Nc7 Bc4+ 20. Ke1 Rac8
21. Rxd8+ Rxd8 22. b3 Rd7 23. bxc4 Rxc7 24. Rb1 Kf8 25. Rb6 Ke8 26. e6 f5 27. h4
Kf8 28. Kf1 Kg7 29. Kg1 g5 30. hxg5 Kg6 31. Kh2 Kxg5 32. Kg3 f4+ 33. exf4+ Kf5
34. Kh4 Kxf4 35. Kxh5 Rc8 36. Rxb7 Kf5 37. Kh4 Rh8+ 38. Kg3 Rg8+ 39. Kh2 Kxe6
40. Rb5 Rc8 41. Rxa5 Ke5 42. c3 e3 43. fxe3 Ke4 44. Ra6 e5 45. g4 Kxe3 46. Kg3
Kd3 47. g5 Kxc3 48. g6 Kxc4 49. Kg4 Kb4 50. g7 c4 51. Rb6+ Ka5 52. Rb5+ Kxa4 53.
Rc5 Rxc5 54. g8=Q c3 55. Qa2+ Kb4 56. Qc2 Rd5 57. Qb1+ Ka3 58. Kf3 Rd2 59. Ke3
Rb2 60. Qd3 Kb4 61. Qd6+ Kc4 62. Qxe5 Rd2 63. Qe6+ Kb4 64. Qc6 Rb2 65. Qb7+ Kc4
66. Qe4+ Kb3 67. Qe6+ Kb4 68. Qh3 Kc4 69. Qg4+ Kb3 70. Qg8+ Kb4 71. Qg3 Kb3 72.
Kd4 Rd2+ 73. Kc5 Rd8 74. Kb5 Kb2 75. Qe5 Kb3 76. Qe6+ Kb2 77. Qf6 Rd7 78. Kc6
Rd1 79. Kc5 Rd7 80. Qb6+ Kc1 81. Kc4 c2 82. Kc3 Rd2 83. Qg1+ 1-0

[Event "8th Sunway Sitges 2021"]
[Site "Sitges ESP"]
[Date "2021.12.20"]
[Round "7.27"]
[White "Priasmoro, Novendra"]
[Black "Macias Pino, Diego"]
[Result "1-0"]
[WhiteTitle "GM"]
[BlackTitle "FM"]
[WhiteElo "2502"]
[BlackElo "2324"]
[WhiteFideId "7105029"]
[BlackFideId "24529133"]
[EventDate "2021.12.13"]

1. d4 d5 2. Nf3 Nf6 3. g3 c5 4. Bg2 cxd4 5. O-O Bg4 6. Nxd4 Nc6 7. Nxc6 bxc6 8.
c4 e6 9. h3 Bf5 10. Qa4 Qd7 11. Nc3 Rb8 12. a3 Bd6 13. Rd1 Qc7 14. cxd5 exd5 15.
Nxd5 Nxd5 16. Bxd5 O-O 17. Qxc6 Bxh3 18. Qxc7 Bxc7 19. b4 Be5 20. Ra2 Rfc8 21.
Be3 Rc7 22. Bc5 Rd7 23. Rad2 g5 24. Bc6 Rc7 25. b5 Kg7 26. Rd5 f6 27. Rxe5 fxe5
28. Bd6 Rxc6 29. Bxe5+ Kf7 30. bxc6 Rb5 31. f4 Rc5 32. c7 Rc2 33. Rd8 h5 34. e4
h4 35. f5 Rg2+ 36. Kh1 hxg3 37. Bxg3 1-0

[Event "8th Sunway Sitges 2021"]
[Site "Sitges ESP"]
[Date "2021.12.20"]
[Round "7.28"]
[White "Srijit, Paul"]
[Black "Bharath, Subramaniyam H"]
[Result "1-0"]
[WhiteTitle "IM"]
[BlackTitle "IM"]
[WhiteElo "2340"]
[BlackElo "2479"]
[WhiteFideId "5094798"]
[BlackFideId "46634827"]
[EventDate "2021.12.13"]

1. e4 e6 2. d4 d5 3. Nc3 Bb4 4. e5 c5 5. a3 Bxc3+ 6. bxc3 Ne7 7. Qg4 Qc7 8. Bd3
c4 9. Be2 Qa5 10. Bd2 Nf5 11. h4 Nc6 12. h5 h6 13. Nf3 Qa4 14. Nh4 Nce7 15. Nxf5
Nxf5 16. Kd1 Rf8 17. Qf4 Bd7 18. g4 Ne7 19. g5 hxg5 20. Qxg5 Rg8 21. Rg1 Rc8 22.
Qf4 Nf5 23. Bg4 Rh8 24. Bxf5 exf5 25. Qh4 Rh7 26. h6 g6 27. Qf6 Qc6 28. e6 Bxe6
29. Bg5 Qd6 30. Rb1 b6 31. a4 Rb8 32. Kd2 Kd7 33. Rge1 Kc6 34. Rb5 Re8 35. Re5
Kd7 36. a5 Qc6 37. Rb2 b5 38. a6 Kc7 39. Re1 Kc8 40. Bf4 Qb6 41. Qe5 Bd7 42.
Qxd5 Qc6 43. Rxb5 Qxb5 44. Qa8+ 1-0

[Event "8th Sunway Sitges 2021"]
[Site "Sitges ESP"]
[Date "2021.12.20"]
[Round "7.29"]
[White "Vitenberg, Noam Aviv"]
[Black "Vrolijk, Liam"]
[Result "1/2-1/2"]
[WhiteTitle "FM"]
[BlackTitle "IM"]
[WhiteElo "2327"]
[BlackElo "2473"]
[WhiteFideId "1532138"]
[BlackFideId "1048333"]
[EventDate "2021.12.13"]

1. e4 c5 2. Nf3 d6 3. d4 cxd4 4. Nxd4 Nf6 5. Nc3 a6 6. Rg1 e5 7. Nb3 Be6 8. g4
d5 9. exd5 Nxd5 10. Nxd5 Qxd5 11. Qxd5 Bxd5 12. Be3 Nc6 13. O-O-O O-O-O 14. Bb6
Rd6 15. Bc5 Rd8 16. Bb6 Rd6 17. Bc5 Rd8 18. Bb6 Rd6 19. Bc5 Rd8 1/2-1/2